000 04166cam a22006974i 4500
003 PE-LiUPU
005 20250731170428.0
008 191112s2017 sp a rb 000 0 spa d
020 _a8416042799
_q(Volumen 5)
020 _a9788416042791
_q(Volumen 5)
035 _a(Sirsi) a252699
040 _aPE-LiUPU
_bspa
_cPE-LiUPU
_erda
049 _aPRUA
082 0 4 _a150
_bP8
_220
245 0 0 _aPsicoterapias, psicología diferencial y de la personalidad /
_cdirección editorial Kazuhiro Tajima Pozo, Beatriz Torres Pardo, María Celeste Amaya Maidana.
250 _a2.a edición.
264 1 _aMadrid :
_bMarbán,
_c2017.
300 _aPaginación variada :
_bilustraciones ;
_c30 centímetros.
336 _atext
_2rdacontent
337 _aunmediated
_2rdamedia
338 _avolume
_2rdacarrier
490 0 _aPsicología Textbook APIR ;
_v5
504 _aBibliografía: páginas 141.
505 0 _aComponentes de la psicoterapia -- La aproximación histórica a las psicoterapias -- Psicoanálisis I: Freud -- Psicoanálisis y terapias psicodinámicas -- Modelos fenomenológico-existencialistas y humanistas -- Terapias de familia y modelos sistémicos -- Terapia de grupo -- Terapias conductuales -- Terapias cognitivas -- Terapias conductuales de tercera generación -- Modelos integradores -- Psicología diferencial y de la personalidad -- Introducción a la psicología de la personalidad -- Teorías psicoanalíticas de la personalidad -- Teorías humanistas y existenciales -- Teorías cognitivas de la personalidad I: los constructos personales de Kelly -- Teorías cognitivas de la personalidad II: la individualidad de Royce y Powell -- Teorías biológicas de la personalidad -- Modelos factoriales I: teoría personalística de Allport -- Modelos factoriales II: teoría de la personalidad de Cattell -- Modelos factoriales III: teoría de la personalidad de Eysenck -- Otros modelos factoriales -- Teorías socio-cognitivas -- Modelos interaccionistas -- Otros constructores específicos de la psicología de la personalidad -- La identidad personal -- Introducción a la psicología de las diferencias -- Determinantes últimos de la conducta: genética vs. ambiente -- Estrategias de investigación en psicología diferencial -- Diferencias interindividuales en inteligencia -- Diferencias interindividuales en creatividad y personalidad -- Diferencias interindividuales en estilos psicológicos, estilos cognitivos, controles cognitivos y ansiedad -- Diferencias intergrupales I: edad y sexo -- Diferencias intergrupales II: raza, clase social y bilingüismo.
526 _aSEG68
526 _aSEG70
526 _aSEG69
526 _aSEG67
526 _aSEG43
526 _aP144
526 _aP143
526 _aP131
526 _aP122
526 _aP120
526 _aP117
526 _aP112
526 _aP110
526 _aP106
526 _aP101
526 _aP80
526 _aP59
526 _aP54
526 _aP35
526 _aP33
526 _aP30
541 _g001-18;
650 0 7 _aPsicoterapia.
_91799
650 0 4 _aPsicología diferencial.
650 0 4 _aPsicología de la personalidad.
_93796
700 1 _aTajima Pozo, Kazuhiro,
_edirector.
700 1 _aTorres Pardo, Beatriz,
_edirector.
700 1 _aAmaya Maidana, María Celeste,
_edirector.
910 _adbm
_bncf
_cncf
_d20191112
942 _2ddc
_cBOOK
994 _aC0
_bPEPRU
598 _aCATALOGING
596 _a1
999 _a150 P8 5
_wDEWEY
_c31928
_i80835
_f2021-11-3
_g3
_lCCODEBUL1
_mBUL
_p31.87
_r0
_sY
_tBOOK
_u2019-11-12
_xSALUD
_zP54
_0COMPRA
_1FCOMPR4
_o.STAFF. Colección Ciencias de la Salud
_d31928
999 _a150 P8 5
_wDEWEY
_c2
_i80836
_f2021-11-3
_g3
_lCCODEBUL1
_mBUL
_p31.87
_r0
_sY
_tBOOK
_u2019-11-12
_xSALUD
_zP54
_0COMPRA
_1FCOMPR4
_o.STAFF. Colección Ciencias de la Salud
999 _a150 P8 5
_wDEWEY
_c3
_i80837
_f2021-11-3
_g3
_lCCODEBUL1
_mBUL
_p31.87
_r0
_sY
_tBOOK
_u2019-11-12
_xSALUD
_zP54
_0COMPRA
_1FCOMPR4
_o.STAFF. Colección Ciencias de la Salud
980 _81
_gALBERTO SANCHEZ Responsable de Automatización